| 000 | 00804cab a22002175a 4500 | ||
|---|---|---|---|
| 001 | L153681 | ||
| 008 | 110816e20110813xxk 000 0 eng d | ||
| 035 | _a(Sirsi) u153681 | ||
| 041 | 0 | _aeng | |
| 100 | 1 | _aQuinn, David | |
| 245 | 0 | 0 |
_aFocus _brural |
| 260 | _c2011 | ||
| 490 |
_aEstates Gazette _v(1132) 13 August 2011, 37-47(9) |
||
| 520 | _aLooks at whether the reform of the Common Agricultural Policy will have a negative effect on land prices; discussion about the Localism Bill and the newly published draft National Planning Framework and its affect on rural development and the increase in the rental costs of farmland. | ||
| 590 | _aKA | ||
| 651 | 4 |
_aUnited Kingdom _y |
|
| 690 | _aPROPERTY-RURAL AND NATURAL ASSETS | ||
| 700 | 1 | _aThame, David | |
| 700 | 1 | _aHarris, David | |
| 942 | _n0 | ||
| 999 |
_c83350 _d83350 |
||